| 000 | 00761nam a22002657a 4500 | ||
|---|---|---|---|
| 001 | 200461019 | ||
| 003 | TR-AnTOB | ||
| 005 | 20240612134041.0 | ||
| 008 | 240612b tu ||||| |||| 00| 0 tur d | ||
| 020 | _a9789753484947 | ||
| 040 |
_aTR-AnTOB _beng _erda _cTR-AnTOB |
||
| 041 |
_atur _beng |
||
| 092 |
_a372.412 _b HOR 2020 |
||
| 100 | _qOhora, Zachariah. | ||
| 245 |
_aKuzenim momo / _cZachariah OHora ; çeviren: Olcay Mağden Ünal |
||
| 250 | _a1.bs. | ||
| 260 |
_aİstanbul : _bÇınar Yayınları _c2020. |
||
| 300 |
_a40 Pages. : _bill. ; _c23 cm. |
||
| 336 |
_atext _btxt _2rdacontent |
||
| 337 |
_aunmediated _bn _2rdamedia |
||
| 338 |
_avolume _bnc _2rdacarrier |
||
| 942 |
_2ddc _cBK |
||
| 999 |
_c200461019 _d79231 |
||